| 000 | 00552nam a2200157 i 4500 | ||
|---|---|---|---|
| 001 | bg | ||
| 245 | 0 |
_aDiagnostyka i niezawodność systemów : _bMiędzygórze 10-13 II 1975. |
|
| 260 |
_aWrocław, _c1975. |
||
| 490 | 1 |
_aPrace Naukowe Instytutu Cybernetyki Technicznej Politechniki Wrocławskiej. Konferencje ; _v28 |
|
| 830 | 0 |
_aPrace Naukowe Instytutu Cybernetyki Technicznej Politechniki Wrocławskiej. _pKonferencje |
|
| 040 | _cBPK | ||
| 041 | _apol | ||
| 080 | _a62-5:681.3](061.3) | ||
| 942 | _cKS | ||
| 008 | s pl f |000 0 pol | ||
| 999 |
_c16434 _d16434 |
||
| 856 |
_uhttp://koha.tu.koszalin.pl/cgi-bin/koha/opac-detail.pl?biblionumber=16434 _yKatalog online BPK |
||